Amazing grace : (Record no. 3925)

MARC details
000 -LEADER
fixed length control field 00866cam a2200277 a 4500
001 - CONTROL NUMBER
control field 919336
003 - CONTROL NUMBER IDENTIFIER
control field GBCCL
005 - DATE AND TIME OF LATEST TRANSACTION
control field 20241126110507.0
008 - FIXED-LENGTH DATA ELEMENTS--GENERAL INFORMATION
fixed length control field 821005s1981 enk b 001 0beng
010 ## -
-- 82112165
020 ## - INTERNATIONAL STANDARD BOOK NUMBER
International Standard Book Number 0340262095 (pbk.)
040 ## - CATALOGING SOURCE
Original cataloging agency DLC
Transcribing agency DLC
Modifying agency DLC
050 00 -
-- BX5199.N55
-- P63 1981
082 00 - DEWEY DECIMAL CLASSIFICATION NUMBER
Classification number 283.092
-- B
Edition information 19
Item number NEW
100 1# - MAIN ENTRY--PERSONAL NAME
Personal name Pollock, John,
Dates associated with a name 1924-2012.
9 (RLIN) 5237
245 10 - TITLE STATEMENT
Title Amazing grace :
Remainder of title John Newton's story /
Statement of responsibility, etc. by John Pollock.
260 ## - PUBLICATION, DISTRIBUTION, ETC.
Place of publication, distribution, etc. London :
Name of publisher, distributor, etc. Hodder and Stoughton,
Date of publication, distribution, etc. 1981.
300 ## - PHYSICAL DESCRIPTION
Extent 190 p. ;
Dimensions 18 cm.
500 ## - GENERAL NOTE
General note Includes index.
504 ## - BIBLIOGRAPHY, ETC. NOTE
Bibliography, etc. note Bibliography: p. [183]-184.
600 10 - SUBJECT ADDED ENTRY--PERSONAL NAME
Personal name Newton, John,
Dates associated with a name 1725-1807.
9 (RLIN) 9826
610 20 - SUBJECT ADDED ENTRY--CORPORATE NAME
Corporate name or jurisdiction name as entry element Church of England
General subdivision Clergy
Form subdivision Biography.
9 (RLIN) 9827
650 #0 - SUBJECT ADDED ENTRY--TOPICAL TERM
Topical term or geographic name entry element Clergy
Geographic subdivision England
Form subdivision Biography.
9 (RLIN) 9828
906 ## - LOCAL DATA ELEMENT F, LDF (RLIN)
a 7
b cbc
c orignew
d 3
e ncip
f 19
g y-gencatlg
942 ## - ADDED ENTRY ELEMENTS (KOHA)
Source of classification or shelving scheme Dewey Decimal Classification
Koha item type Books
Koha issues (borrowed), all copies 1
Holdings
Withdrawn status Lost status Source of classification or shelving scheme Damaged status Not for loan Home library Current Library Shelving location Date acquired Total checkouts Full call number Barcode Date last seen Date last checked out Copy number Price effective from Koha item type
    Dewey Decimal Classification     GRACE BIBLE COLLEGE GRACE BIBLE COLLEGE Church History 2017-12-18 1 283.092 NEW 001282 2025-05-01 2021-03-17 c.1 2017-12-18 Books
© Grace Bible College Library 2025